| 000 | 00782cas a2200217 a 4500 | ||
|---|---|---|---|
| 022 | 0 | _a1081-2342 | |
| 082 | 1 | 0 |
_a030 _bBRU _cL-NUST P-40 |
| 100 |
_aBrunner Borgna _946958 |
||
| 245 | 1 | 0 |
_aTime almanac _cBorgna Brunner |
| 250 | _aMultimedia ed. | ||
| 260 |
_aWashington, D.C. : _bCompact Pub., _cc1993- |
||
| 300 |
_aCD-ROMs : _bsd., col. ; _c4 3/4 in. |
||
| 500 | _aAccompanied by: User's guide. | ||
| 500 | _aEd. statement from user's guide. | ||
| 500 | _aTitle from title screen. | ||
| 500 | _aTitle on disc label: Time magazine almanac; title on main menu screen: Compact almanac; title on user's guide: Time magazine compact almanac. | ||
| 526 |
_a0 _b0 _c0 _d030_000000000000000_BRU |
||
| 590 | _aSERBIB/SERLOC merged record | ||
| 650 |
_aNUST _96342 |
||
| 942 |
_2ddc _cBK |
||
| 999 |
_c550260 _d550260 |
||